F1 Season 1984 Race Winners - Statistics

General Stats
  • This quiz has been taken 12 times
  • The average score is 16 of 16
Answer Stats
Grand Prix Country Winner % Correct
Brazil France Alain Prost
100%
Italy San Marino France Alain Prost
100%
Monaco France Alain Prost
100%
West Germany France Alain Prost
100%
Netherlands France Alain Prost
100%
Germany European France Alain Prost
100%
Portugal France Alain Prost
100%
Canada Brazil Nelson Piquet
100%
United States Detroit Brazil Nelson Piquet
100%
South Africa Austria Niki Lauda
100%
France Austria Niki Lauda
100%
United Kingdom Austria Niki Lauda
100%
Austria Austria Niki Lauda
100%
Italy Austria Niki Lauda
100%
United States Dallas Finland Keke Rosberg
91%
Belgium Italy Michele Alboreto
82%
No matching quizzes found
Score Distribution
Percent of People with Each Score
Percentile by Number Answered
Your Score History
You have not taken this quiz